Vivienda vertical y uso mixto : propuesta de diseño para el centro urbano del cantón de Desamparados
Guardado en:
| Hovedforfatter: | |
|---|---|
| Andre forfattere: | |
| Format: | Bog |
| Sprog: | Spanish |
| Udgivet: |
[San José, Costa Rica],
2020.
|
| Fag: | |
| Tags: |
Tilføj Tag
Ingen Tags, Vær først til at tagge denne postø!
|
MARC
| LEADER | 00000nam a2200000Ia 4500 | ||
|---|---|---|---|
| 003 | 013506 | ||
| 005 | 20230331150323.0 | ||
| 008 | 140114s2020 cr a 000 ||spa d | ||
| 040 | |c cru CEDI | ||
| 100 | |a Carvajal Coto, Eddy Alberto, 1993- |9 317 | ||
| 245 | |a Vivienda vertical y uso mixto : propuesta de diseño para el centro urbano del cantón de Desamparados | ||
| 260 | |a [San José, Costa Rica], |c 2020. | ||
| 500 | |a Proyecto de graduación (licenciatura en arquitectura)--Universidad de Costa Rica. Facultad de Ingeniería. Escuela de Arquitectura | ||
| 501 | |a Directora de Proyecto de Graduación: Lic. Arq. Ana Ulloa Dormond | ||
| 650 | |x REHABILITACION HABITACIONAL - DESAMPARADOS (SAN JOSE, COSTA RICA) |x ARQUITECTURA DOMESTICA |x EDIFICIOS ALTOS - DISEÑO Y CONSTRUCCION |x REHABILITACION URBANA - DESAMPARADOS (SAN JOSE, COSTA RICA) |x EDIFICIOS DE APARTAMENTOS - ASPECTOS SOCIOECONOMICOS - DESAMPARADOS (SAN JOSE, COSTA RICA) | ||
| 700 | |9 398 |a Ulloa Dormond, Ana, 1978- |d Directora del TFG | ||
| 942 | |c CEDI |h TFG 8658 |6 TFG_8658_000000000000000 | ||
| 999 | |c 22009 |d 22009 | ||
